[Event "Buenos Aires CC Argentino"]
[Site "Buenos Aires"]
[Date "2010.04.04"]
[Round "9"]
[White "Seidler, Daniel"]
[Black "Elman, Cristian"]
[Result "0-1"]
[WhiteElo "1867"]
[BlackElo "2158"]
[PlyCount "70"]
[EventDate "2010.03.15"]
[EventType "tourn"]
[EventRounds "11"]
[EventCountry "ARG"]
[SourceTitle "EXT 2019"]
[Source "ChessBase"]
[SourceDate "2018.10.10"]
[SourceVersion "1"]
[SourceVersionDate "2018.10.10"]
[SourceQuality "1"]

1. e4 c5 2. Nf3 e6 3. d4 cxd4 4. Nxd4 a6 5. Bc4 Qc7 6. Bb3 Nf6 7. Nc3 Bb4 8. Bd2 0-0 9. Qf3 Be7 10. g4 Nc6 11. Nxc6 dxc6 12. g5 Nd7 13. h4 c5 14. Bf4 Bd6 15. Bxd6 Qxd6 16. Ne2 Ne5 17. Qc3 Rd8 18. f4 Ng6 19. Qe3 e5 20. f5 Nf4 21. Kf2 Qc6 22. Nxf4 exf4 23. Qe2 Bxf5 24. exf5 c4 25. Bxc4 Re8 26. Qd3 Rad8 27. Bxf7+ Kxf7 28. Qb3+ Kf8 29. Qb4+ Kg8 30. Qb3+ Kh8 31. Rad1 Qc5+ 32. Kg2 Re2+ 33. Kf3 Rde8 34. Kg4 Rg2+ 35. Kh5 Qxf5 0-1

[Event "Buenos Aires CC Argentino"]
[Site "Buenos Aires"]
[Date "2010.03.29"]
[Round "6"]
[White "Seidler, Daniel"]
[Black "Fabian, Gaston"]
[Result "0-1"]
[WhiteElo "1867"]
[BlackElo "2190"]
[PlyCount "54"]
[EventDate "2010.03.15"]
[EventType "tourn"]
[EventRounds "11"]
[EventCountry "ARG"]
[SourceTitle "EXT 2019"]
[Source "ChessBase"]
[SourceDate "2018.10.10"]
[SourceVersion "1"]
[SourceVersionDate "2018.10.10"]
[SourceQuality "1"]

1. e4 c5 2. Nf3 d6 3. d4 cxd4 4. Nxd4 Nf6 5. Nc3 a6 6. Bc4 e6 7. a4 Nc6 8. 0-0 Be7 9. Kh1 0-0 10. f4 Bd7 11. Be3 Qc7 12. Ba2 Nxd4 13. Bxd4 Bc6 14. e5 Nd7 15. exd6 Qxd6 16. Be3 Nf6 17. Qxd6 Bxd6 18. Rad1 Bb4 19. Bb3 Rfd8 20. Rxd8+ Rxd8 21. Rd1 Rxd1+ 22. Nxd1 Nd5 23. Bc1 Bd6 24. Bxd5 Bxd5 25. b3 Be4 26. Ne3 Bxf4 27. Kg1 Bxe3+ 0-1

[Event "Buenos Aires CC Argentino"]
[Site "Buenos Aires"]
[Date "2010.03.15"]
[Round "1"]
[White "Rasgido, Alejandro"]
[Black "Seidler, Daniel"]
[Result "1-0"]
[WhiteElo "1978"]
[BlackElo "1867"]
[PlyCount "59"]
[EventDate "2010.03.15"]
[EventType "tourn"]
[EventRounds "11"]
[EventCountry "ARG"]
[SourceTitle "EXT 2019"]
[Source "ChessBase"]
[SourceDate "2018.10.10"]
[SourceVersion "1"]
[SourceVersionDate "2018.10.10"]
[SourceQuality "1"]

1. d4 Nf6 2. Bg5 e6 3. e4 h6 4. Bxf6 Qxf6 5. Qd2 c5 6. e5 Qd8 7. d5 d6 8. Nc3 a6 9. Nf3 exd5 10. Nxd5 Nc6 11. 0-0-0 dxe5 12. Nxe5 Nxe5 13. Qe3 Bd6 14. f4 f6 15. fxe5 fxe5 16. h4 0-0 17. Bd3 Be6 18. Nc3 c4 19. Be2 Qc7 20. Ne4 Be7 21. g4 Rf4 22. g5 Kh8 23. gxh6 gxh6 24. Rdg1 Qc6 25. Ng5 Bf6 26. Nxe6 Qxe6 27. Rg6 Kh7 28. Qg3 Rg8 29. Rg1 Rxg6 30. Qxg6+ 1-0